| Tag |
First Indicator |
Second Indicator |
Subfields |
| LEADER |
00000cam a2200000 4500 |
| 001 |
in00003883921 |
| 005 |
20190415193126.0 |
| 006 |
m o d |
| 007 |
cr |n||||||||n |
| 008 |
830104s1774 xxu|||| o 00| | eng c |
| 035 |
|
|
|a (CU-RivES)W37542
|
| 035 |
|
|
|a (Uk-ES)006463364
|
| 035 |
|
|
|a (OCoLC)511262150
|
| 040 |
|
|
|a MWA
|c MWA
|d Uk-ES
|d CStRLIN
|d Cengage Gale
|d UtOrBLW
|
| 050 |
|
4 |
|a E211
|b .R654 1774
|
| 100 |
1 |
|
|a Rokeby, Matthew Robinson-Morris,
|c Baron,
|d 1713-1800.
|0 http://id.loc.gov/authorities/names/n85351532
|
| 245 |
1 |
0 |
|a Considerations on the measures carrying on with respect to the British colonies in North America :
|b [Six lines from Phillippe de Commines].
|
| 264 |
|
3 |
|a Philadelphia :
|b Reprinted and sold by Benjamin Towne, near the Coffee House,
|c MDCCLXXIV. [1774]
|
| 300 |
|
|
|a 1 online resource (60 pages)
|
| 336 |
|
|
|a text
|b txt
|2 rdacontent
|
| 337 |
|
|
|a computer
|b c
|2 rdamedia
|
| 338 |
|
|
|a online resource
|b cr
|2 rdacarrier
|
| 500 |
|
|
|a Attributed to Rokeby in Halkett and Laing.
|
| 500 |
|
|
|a Two editions noted in: Wolf, Edwinches "Evidence indicating the need for some bibliographical analysis of American printed historical works." PBSA 63 (1969): 276. In one edition, the catchwords on page 5 and 9 respectively are "prin-" and "and"; in another edition, the catchwords are "principles" and "progress". Wolf's evidence suggests that the entire text, except for gathering G, was reset.
|
| 509 |
|
|
|a Signatures: [A]⁴ B-G⁴ H². - VERIFY EXISTENCE OF TWO EDITIONS. CREATE A PHASE 2 RECORD FOR THE OTHER, AND ADJUST NOTES ACCORDINGLY
|
| 510 |
4 |
|
|a Evans,
|c 13587
|
| 510 |
4 |
|
|a Hildeburn, C.R. Pennsylvania,
|c 3094
|
| 510 |
4 |
|
|a Adams, T.R. Amer. pamphlets,
|c 134i
|
| 510 |
4 |
|
|a English Short Title Catalog,
|c W37542.
|
| 500 |
|
|
|a Reproduction of original from Library of Congress.
|
| 500 |
|
|
|a Electronic resource.
|
| 651 |
|
0 |
|a United States
|x Politics and government
|y 1775-1783.
|0 http://id.loc.gov/authorities/subjects/sh85140413
|
| 651 |
|
0 |
|a United States
|x History
|y Revolution, 1775-1783
|x Causes.
|0 http://id.loc.gov/authorities/subjects/sh85140149
|
| 651 |
|
0 |
|a Great Britain
|x Colonies
|z America.
|0 http://id.loc.gov/authorities/subjects/sh85056660
|
| 655 |
|
7 |
|a Electronic books.
|2 local
|
| 700 |
1 |
|
|a Towne, Benjamin,
|d -1793,
|e printer.
|0 http://id.loc.gov/authorities/names/n88227246
|
| 710 |
2 |
|
|a Gale (Firm)
|0 http://id.loc.gov/authorities/names/no2008071348
|
| 752 |
|
|
|a United States
|b Pennsylvania
|d Philadelphia.
|
| 856 |
4 |
0 |
|u http://proxy.library.tamu.edu/login?url=http://find.galegroup.com/ecco/infomark.do?contentSet=ECCOArticles&docType=ECCOArticles&bookId=1387600400&type=getFullCitation&tabID=T001&prodId=ECCO&docLevel=TEXT_GRAPHICS&version=1.0&source=library&userGroupName=txshracd2898
|z Connect to the full text of this electronic book
|t 0
|
| 999 |
f |
f |
|s d1313c17-c0aa-3f6d-8eb4-3556c3356beb
|i b6d02ba0-add8-30b0-a5d3-8fa530ccc0f5
|t 0
|
| 952 |
f |
f |
|a Texas A&M University
|b College Station
|c Electronic Resources
|d Available Online
|t 0
|e E211 .R654 1774
|h Library of Congress classification
|
| 998 |
f |
f |
|a E211 .R654 1774
|t 0
|l Available Online
|